Situácia slovenského poľnohospodárstva po vstupe do Európskej únie
Analýza situácie poľnohospodárstva v roku 2004 vo väzbe na Spoločnú poľnohospodársku politiku Európskej únie. Vývoj produkčnej a ekonomickej výkonnosti poľnohospodárstva. Faktory ovplyvňujúce úroveň hospodárskeho výsledku, analýza vývoja základných ekonomických ukazovateľov. Výrazný nárast rastlinne...
Gespeichert in:
| 1. Verfasser: | |
|---|---|
| Format: | Buchkapitel |
| Sprache: | Slowakisch |
| Schlagworte: | |
| Tags: |
Keine Tags, Fügen Sie das erste Tag hinzu!
|
MARC
| LEADER | 00000naa$a2200000$$$4500 | ||
|---|---|---|---|
| 001 | 0030611 | ||
| 005 | 20231018090831.4 | ||
| 041 | 0 | |a slo | |
| 044 | |a SK | ||
| 245 | 1 | 0 | |a Situácia slovenského poľnohospodárstva po vstupe do Európskej únie |c Zuzana Chrastinová |
| 520 | |a Analýza situácie poľnohospodárstva v roku 2004 vo väzbe na Spoločnú poľnohospodársku politiku Európskej únie. Vývoj produkčnej a ekonomickej výkonnosti poľnohospodárstva. Faktory ovplyvňujúce úroveň hospodárskeho výsledku, analýza vývoja základných ekonomických ukazovateľov. Výrazný nárast rastlinnej a pokles živočíšnej produkcie. | ||
| 610 | 2 | 0 | |a poľnohospodárstvo |
| 610 | 2 | 0 | |a Slovensko |
| 610 | 2 | 0 | |a Európska únia |
| 610 | 2 | 0 | |a vývoj hospodársky |
| 610 | 2 | 0 | |a ukazovatele ekonomické |
| 610 | 2 | 0 | |a výkonnosť |
| 610 | 2 | 0 | |a produkcia hrubá |
| 610 | 2 | 0 | |a 2004 |
| 100 | 1 | |a Chrastinová, Zuzana | |